000 00584nam a2200205Ia 4500
005 20250923144820.0
008 008 250917s9999 xx 000 0 eng d
037 _aTextual
040 _aDSWL
_beng
_cDSWL
041 _aeng
_2eng
084 _qDSWL
100 _aShrikant, L.M.
_9828705
245 0 _aReport of the commissioner for schedule caste and schedule tribes 1960-61
_cby L.M. Shrikant
260 _aDelhi
_bManagerof Publication
_c1962
300 _av,384p.
365 _aINR
_b2.50
925 _g2.50
942 _cTEXL
999 _c1443707
_d1443707